| 000 | 00411nam a2200181 4500 | ||
|---|---|---|---|
| 001 | 3458 | ||
| 005 | 20181127171233.0 | ||
| 010 | 0 | 0 | _a |
| 020 | 0 | 0 | _a0582021898 |
| 090 | 0 | 0 | _a330 S7871s 1999 |
| 100 | 0 | 0 | _aStanlake, G F. |
| 245 | 0 | 0 |
_aStarting economics / _b _cG. F. Stanlake. _h |
| 250 | 0 | 0 | _a |
| 260 | 0 | 0 |
_aLondon : _bLongman Group Limited, _c1999. |
| 300 | 0 | 0 | _axii, 269 p. |
| 500 | 0 | 0 | _a |
| 650 | 0 | 0 |
_aEconomics. _x |
| 999 |
_c2800 _d2800 |
||